Ako sa kedysi ľudia živili

Bibliographic Details
Main Author: Stoličná, Rastislava, 1948- (Author)
Other Authors: Augustínová, Ivica (Illustrator)
Format: Book
Language:Slovak
PhysicalDescription:36 strán ilustrácie 21 cm
Published: V Bratislave Ústredie ľudovej umeleckej výroby 2019
ISBN:9788089639588
Series:ÚĽUV deťom
Subjects:

MARC

LEADER 00000cam a2200000 4500
001 vtls011886860
003 SK-MaSNL
005 20260301225334.0
008 200507s2019 xo a cr 000 0 slo
015 |a SNBA2020/03 
020 |a 9788089639588  |q (brožované) 
035 |a urn:nbn:sk:snk-am00dymq 
035 |a urn:nbn:sk:snk-am3i9mw 
035 |a FD80CAB1-2305-4735-B8D8-F31641E9C55F 
040 |a SNK  |b slo  |c SNK  |e rda 
041 0 |a slo 
044 |a xo  |c SK 
072 7 |a 398  |x Folklór. Ľudové tradície  |2 konspekt 
080 |a 398.1  |2 2011 
080 |a 67/68  |2 2011 
080 |a (0.062)  |2 2011 
080 |a 82-93-053.2/.6  |2 2011 
080 |a (03)82-93-053.4/.6  |2 2011 
100 1 |a Stoličná, Rastislava,  |d 1948-  |4 aut  |9 102195 
245 1 0 |a Ako sa kedysi ľudia živili  |c Rastislava Stoličná ; autorka kresieb: Ivica Augustínová 
264 1 |a V Bratislave  |b Ústredie ľudovej umeleckej výroby  |c 2019 
300 |a 36 strán  |b ilustrácie  |c 21 cm 
336 |a text  |b txt  |2 rdacontent 
336 |a statický obraz  |b sti  |2 rdacontent 
337 |a bez média  |b n  |2 rdamedia 
338 |a zväzok  |b nc  |2 rdacarrier 
490 1 |a ÚĽUV deťom 
650 0 7 |a ľudové tradície  |2 SNKPH  |9 4960 
650 0 7 |a remeslá  |2 SNKPH  |9 4998 
655 7 |a populárno-náučné publikácie  |2 SNKPH  |9 70460 
655 7 |a publikácie pre deti a mládež  |2 SNKPH  |9 70541 
700 1 |a Augustínová, Ivica  |4 ill  |9 265641 
752 |a Slovensko  |d Bratislava 
830 0 |a ÚĽUV deťom  |9 343991 
852 |a Štátna vedecká knižnica v Banskej Bystrici 
919 |a 978-80-89639-58-8 
958 |a DB 
999 |c 950538  |d 952468 
952 |a SNK  |b SNK  |y PREZ  |7 0  |p 17A1416155  |o snkSC 188003  |i snk2020/3963  |8 0  |0 0  |1 0  |4 0  |d 2020-02-19  |f 1  |l 0  |r 2026-02-24 09:46:54  |w 2026-02-24 
952 |a SNK  |b SNK  |y VYP  |7 0  |p 17A1416156  |o snkSC 188003 D1  |i snk2020/3964  |8 0  |0 0  |1 0  |4 0  |d 2020-02-19  |l 0  |r 2026-02-24 09:46:54  |w 2026-02-24